000
00259nam a2200133Ia 4500
100
_a
FANUC Ltd
942
_c
BK
654
_a
FANUC
245
_a
FANUC Series.0
260
_b
FANUC Ltd
_c
1988
082
_a
670.285
_b
FANUC
546
_a
ENGLISH
999
_c
20517
_d
20517